Analysing the Relevance of the MIP Scoreboard's Indicators

Postup makroekonomickej nerovnováhy. Ukazovatele verzie MIP, najnovšej verzie so štrnástimi ukazovateľmi.

Saved in:
Bibliographic Details
Main Author: Domonkos, Tomáš
Other Authors: Ostrihoň, Filip, Šikulová, Ivana, Širaňová, Mária
Format: Book Chapter
Language:English
Subjects:
Tags: Add Tag
No Tags, Be the first to tag this record!

MARC

LEADER 00000naa a2200000 4500
001 0231353
005 20240604115146.1
041 0 |a eng 
044 |a GB 
245 1 0 |a Analysing the Relevance of the MIP Scoreboard's Indicators  |c Tomáš Domonkos, Filip Ostrihoň, Ivana Šikulová, Mária Širaňová 
520 |a Postup makroekonomickej nerovnováhy. Ukazovatele verzie MIP, najnovšej verzie so štrnástimi ukazovateľmi. 
610 2 0 |a modely regresné 
610 2 0 |a nerovnováha hospodárska 
610 2 0 |a riziko 
100 1 |a Domonkos, Tomáš 
700 1 |a Ostrihoň, Filip 
700 1 |a Šikulová, Ivana 
700 1 |a Širaňová, Mária